| 000 | 00000cam 2200000za 4500 |
| 001 | 9.840353 |
| 003 | CaOODSP |
| 005 | 20260225084251 |
| 007 | cr ||||||||||| |
| 008 | 170726s2016 quc ob f000 0 fre d |
| 040 | |aCaOODSP|bfre |
| 043 | |an-cn--- |
| 086 | 1 |aP29-4-3-24-2016F-PDF |
| 245 | 00|aCarburéacteur d'aviation (grades militaires F-34, F-37 et F-44) |h[ressource électronique] / |cpréparée par l'Office des normes générales du Canada. |
| 250 | |a[Édition de novembre 2016]. |
| 260 | |aGatineau : |bOffice des normes générales du Canada, |c2016. |
| 300 | |ai, 15 p. |
| 490 | 1 |aNorme de l'ONGC ; |vno 3.24-2016 |
| 500 | |a« Novembre 2016. » |
| 500 | |a« Expérience et excellence » -- Couv. |
| 500 | |aRemplace CGSB-3.24-2012. |
| 500 | |aPubl. aussi en anglais sous le titre : Aviation turbine fuel (military grades F-34, F-37 and F-44). |
| 504 | |aComprend des réf. bibliogr. |
| 520 | |a« La présente norme s'applique à trois grades de carburéacteur d'aviation (grades militaires F-34, F-37 son équivalent et F‑44) constitués d'hydrocarbures classiques, d'hydrocarbures synthétiques, de produits d'origine naturelle autres que des hydrocarbures de pétrole et des additifs indiqués dans la présente norme » -- Objet, p. 1. |
| 692 | 07|2gccst|aCombustible |
| 692 | 07|2gccst|aAéronef militaire |
| 692 | 07|2gccst|aNorme |
| 710 | 2 |aOffice des normes générales du Canada. |
| 775 | 08|tAviation turbine fuel (military grades F-34, F-37 and F-44) |w(CaOODSP)9.840351 |
| 794 | |tCarburéacteur d'aviation (grades militaires F-34, F-37 et F-44) |b[Édition d'avril 2018]|w(CaOODSP)9.855735 |
| 830 | #0|aNorme de l'ONGC ;|vno 3.24-2016.|w(CaOODSP)9.840325 |
| 856 | 40|qPDF|s585 Ko|uhttps://publications.gc.ca/collections/collection_2017/ongc-cgsb/P29-4-3-24-2016-fra.pdf |
| 986 | |aICS 75.160.20 |